Los márgenes de la esclavitud : (Record no. 65641)

MARC details
000 -LEADER
campo de control de longitud fija 01207nam a2200301 i 4500
001 - NÚMERO DE CONTROL
campo de control 65641
003 - IDENTIFICADOR DE NÚMERO DE CONTROL
campo de control ES-MaACL
005 - FECHA Y HORA DE LA ÚLTIMA TRANSACCIÓN
campo de control 20251007203848.0
008 - DATOS DE LONGITUD FIJA--INFORMACIÓN GENERAL
campo de control de longitud fija 221024s2021 sp 001 0 spa
020 ## - NÚMERO INTERNACIONAL ESTÁNDAR DEL LIBRO
Número Internacional Estándar del Libro 978-84-1377-989-8
040 ## - FUENTE DE CATALOGACIÓN
Centro/agencia transcriptor ES-MaACL
080 ## - NÚMERO DE LA CLASIFICACIÓN DECIMAL UNIVERSAL
Número de la Clasificación Decimal Universal 326(72+8)
245 04 - MENCIÓN DEL TÍTULO
Título Los márgenes de la esclavitud :
Resto del título resistencia, control y abolición en el Caribe y América Latina /
Mención de responsabilidad, etc. Consuelo Naranjo Orovio, ed. ; José Luis Belmonte Postigo, Amadeo Julián, Beatriz Cruz Sotomayor ... [et al.].
260 ## - PUBLICACIÓN, DISTRIBUCIÓN, ETC.
Lugar de publicación, distribución, etc. Madrid :
Nombre del editor, distribuidor, etc. Dykinson,
Fecha de publicación, distribución, etc. [2021]
300 ## - DESCRIPCIÓN FÍSICA
Extensión 350 páginas ;
Dimensiones 24 cm.
504 ## - NOTA DE BIBLIOGRAFÍA, ETC.
Nota de bibliografía, etc. Referencias bibliográficas
650 #7 - PUNTO DE ACCESO ADICIONAL DE MATERIA--TÉRMINO DE MATERIA
Término de materia o nombre geográfico como elemento de entrada Esclavitud-
Subdivisión geográfica América Latina
Fuente del encabezamiento o término
9 (RLIN) 163646
650 #4 - PUNTO DE ACCESO ADICIONAL DE MATERIA--TÉRMINO DE MATERIA
Término de materia o nombre geográfico como elemento de entrada Movimientos antiesclavistas.
9 (RLIN) 136549
700 1# - ENTRADA AGREGADA--NOMBRE PERSONAL
Nombre de persona Naranjo Orovio, Consuelo
Término indicativo de función/relación Editor literario
9 (RLIN) 84927
700 1# - ENTRADA AGREGADA--NOMBRE PERSONAL
Nombre de persona Belmonte Postigo, José Luis,
Fechas asociadas al nombre 1975-
9 (RLIN) 234930
Término indicativo de función/relación Autor
700 1# - ENTRADA AGREGADA--NOMBRE PERSONAL
Nombre de persona Julián, Amadeo,
Fechas asociadas al nombre 1943-
Término indicativo de función/relación Autor
9 (RLIN) 175626
700 1# - ENTRADA AGREGADA--NOMBRE PERSONAL
Nombre de persona Cruz Sotomayor, Beatriz.
9 (RLIN) 175627
Término indicativo de función/relación Autor
852 4# - LOCALIZACIÓN
Ubicación ES-MaACL
Número de control de estantería N-8033
Ubicación en estantería Depósito J
itemnumber 68103
Donativo/Legado Donación: Consuelo Naranjo Orovio
903 ## - NOMBRE PERSONAL DE DONANTE
a Naranjo Orovio, Consuelo
e Donante
9 84927
942 ## - ELEMENTOS DE ENTRADA SECUNDARIOS (KOHA)
Tipo de ítem Koha Libro impreso
Suprimir en OPAC No
Holdings
Estatus retirado Estado de pérdida Fuente del sistema de clasificación o colocación Estado de daño No para préstamo Biblioteca de origen Biblioteca actual Ubicación en estantería Fecha de adquisición Fuente de adquisición Número de control de estantería Total de préstamos Signatura topográfica completa Código de barras Visto por última vez Tipo de ítem Koha
    Clasificación decimal universal     Biblioteca del Ateneo de Madrid Biblioteca del Ateneo de Madrid Depósito J 24/10/2022 Donación Ateneísta   N-8033 101206475 23/02/2023 Libro impreso